000 00573nam a2200217Ia 4500
003 OSt
005 20220928151657.0
006 a|||||r|||| 00| 0
007 ta
008 220927b |||||||| |||| 00| 0 eng d
024 _a130649
037 _cTextual
040 _aSDCL
_cSDCL
_beng
041 _2eng
_aeng
082 _aO-,1J:g(Q), J9
100 _aCampbell Lily B.
_9432519
245 0 _aDivine poetry and drama in sixteenth-century england
260 _c1959
942 _hO-,1J:g(Q), J9
_cTEXL
_2CC
999 _c852766
_d852766